banner

Guía de los movimientos de musculación: (Registro nro. 1202)

000 -LEADER
fixed length control field 00766nam a22002417 4500
003 - CONTROL NUMBER IDENTIFIER
control field AR-BaISA
005 - DATE AND TIME OF LATEST TRANSACTION
control field 20221207152655.0
007 - PHYSICAL DESCRIPTION FIXED FIELD--GENERAL INFORMATION
fixed length control field ta
008 - FIXED-LENGTH DATA ELEMENTS--GENERAL INFORMATION
fixed length control field 221124s2019 xxuad||| |||| 000 0 spa d
020 ## - INTERNATIONAL STANDARD BOOK NUMBER
International Standard Book Number 9788499100951
040 ## - CATALOGING SOURCE
Language of cataloging spa
Transcribing agency AR-BaISA
082 04 - DEWEY DECIMAL CLASSIFICATION NUMBER
Edition number 22
Classification number 611.73 D376
100 1# - MAIN ENTRY--PERSONAL NAME
9 (RLIN) 2679
Personal name Delavier, Frédéric
245 10 - TITLE STATEMENT
Title Guía de los movimientos de musculación:
Remainder of title descripción anatómica /
Statement of responsibility, etc. Frédéric Delavier
250 ## - EDITION STATEMENT
Edition statement 6ª ed.
260 ## - PUBLICATION, DISTRIBUTION, ETC.
Place of publication, distribution, etc. [Barcelona]:
Name of publisher, distributor, etc. Paidotribo,
Date of publication, distribution, etc. 2019
300 ## - PHYSICAL DESCRIPTION
Extent 192 p.:
Other physical details il., gráfs.
505 ## - FORMATTED CONTENTS NOTE
Title Brazos --
-- Hombros --
-- Pectorales --
-- Espalda --
-- Piernas --
-- Glúteos --
-- Abdominales
650 10 - SUBJECT ADDED ENTRY--TOPICAL TERM
9 (RLIN) 47
Topical term or geographic name entry element Anatomía humana
650 10 - SUBJECT ADDED ENTRY--TOPICAL TERM
9 (RLIN) 1293
Topical term or geographic name entry element Músculos
650 10 - SUBJECT ADDED ENTRY--TOPICAL TERM
9 (RLIN) 595
Topical term or geographic name entry element Ejercicio físico
942 ## - ADDED ENTRY ELEMENTS (KOHA)
Source of classification or shelving scheme
Koha item type Libros
Edition 22
Existencias
Withdrawn status Lost status Source of classification or shelving scheme Damaged status Not for loan Permanent Location Current Location Date acquired Inventory number Total Checkouts Total Renewals Full call number Barcode Date last seen Date last checked out Copy number Price effective from Koha item type
          Biblioteca ISALUD. Dr. Néstor Rodríguez Campoamor Biblioteca ISALUD. Dr. Néstor Rodríguez Campoamor 2023-02-27 4856 2 2 611.73 D376 4856 2024-05-30 2024-05-17 ej. 2 2023-02-27 Libros
          Biblioteca ISALUD. Dr. Néstor Rodríguez Campoamor Biblioteca ISALUD. Dr. Néstor Rodríguez Campoamor 2023-02-27 4857     611.73 D376 4857 2023-02-27   ej. 3 2023-02-27 Libros